| 000 | 00829nam a22002415i 4500 | ||
|---|---|---|---|
| 003 | EG-ScBUE | ||
| 005 | 20221129133541.0 | ||
| 008 | 180805s2013 ua a f b 000 0 eng d | ||
| 040 |
_aEG-ScBUE _beng _erda _cEG-ScBUE _dEG-ScBUE |
||
| 082 | 0 | 4 |
_a611.018 _bGHA _222 |
| 100 | 1 |
_aGhallab, Ayman, _eauthor. |
|
| 245 | 1 | 0 |
_aBasics of functional and clinical histology : _bfor paramedical students text & atlas / _cAyman M. Ghallab, professor of histology. |
| 264 | 1 |
_aGiza, Egypt : _bEl-Meligy Press, _c2013. |
|
| 300 |
_a151 pages : _bcolor illustrations ; _c24 cm |
||
| 504 | _aIncludes bibliographical references. | ||
| 505 | 2 | _aPart. 1. Histology : text and atlas. | |
| 650 | 7 |
_aHistology. _2BUEsh |
|
| 651 | _2BUEsh | ||
| 653 |
_cNovember2022 _bGGEN |
||
| 655 | _vReading book | ||
| 942 |
_2ddc _cBB |
||
| 999 |
_c30060 _d30031 |
||